000
00222nam a22000857a 4500
008
160701b xxu||||| |||| 00| 0 eng d
100
_9
1649
_a
Gupta, P
245
_a
Ali Baba and the Forty Thieves
260
_a
New delhi
_b
M/S Arya
999
_c
1368
_d
1368